Problematika odpadov ako integrálna súčasť sanácie postihnutých urbánnych území

Problematika odpadov v environmentálnom i ekonomickom kontexte. Problematika likvidácie odpadov a problémy stavebných objektov po dobe ich morálnej i fyzickej životnosti. Revitalizácia postihnutých území v členkých krajinách EÚ. Postihnuté urbánne územia a odlišnosti vyplývajúce zo špecifických hist...

Ausführliche Beschreibung

Gespeichert in:
Bibliographische Detailangaben
1. Verfasser: Finka, Maroš
Weitere Verfasser: Petríková, Dagmar, Jamečný, Ľubomír
Format: Buchkapitel
Sprache:Slowakisch
Schlagworte:
Tags: Tag hinzufügen
Keine Tags, Fügen Sie das erste Tag hinzu!

MARC

LEADER 00000naa$a2200000$$$4500
001 0004765
005 20230928074702.0
041 0 |a slo 
044 |a SK 
245 1 0 |a Problematika odpadov ako integrálna súčasť sanácie postihnutých urbánnych území  |c aut. Maroš Finka, Dagmar Petríková, Ľubomír Jamečný 
520 |a Problematika odpadov v environmentálnom i ekonomickom kontexte. Problematika likvidácie odpadov a problémy stavebných objektov po dobe ich morálnej i fyzickej životnosti. Revitalizácia postihnutých území v členkých krajinách EÚ. Postihnuté urbánne územia a odlišnosti vyplývajúce zo špecifických historických, sociálnych a ekonomických podmienok tej-ktorej krajiny. Kľúčové problémy veľkých urbánnych postihnutých území. Typy veľkých urbánnych postihnutých oblastí. Iniciatívy, programy a projekty EÚ. 
610 2 0 |a politika environmentálna 
610 2 0 |a likvidácia odpadu 
610 2 0 |a revitalizácia 
610 2 0 |a urbanizácia 
610 2 0 |a projekty 
610 2 0 |a konverzia priemyslu 
610 2 0 |a Slovensko 
610 2 0 |a SVE 
610 2 0 |a urbanizmus 
100 1 |a Finka, Maroš 
700 1 |a Petríková, Dagmar 
700 1 |a Jamečný, Ľubomír